000 01203nam a22003617a 4500
003 CHAP
005 20220329141724.0
008 971013c19801969 r 00010 d
010 _a72802
011 _a73774
035 _a83332
040 _cCHAP
082 _a631.8
_bG3 1969
100 0 0 _aGarcía Fernández, José.
_945979
245 _aFertilización agrícola
250 _a2 ed.
260 _aBarcelona:
_bAedos,
_c1980(c1969)
300 _a194 p.
_b: ilus. ; gráfs.
490 _aAedos. Biblioteca agrícola
590 _aBATCH-UPD
_b10
_c20130110
_lUCH01
_h0603
590 _aBATCH-UPD
_b10
_c20130110
_lUCH01
_h2359
590 _aBATCH-UPD
_b10
_c20130410
_lUCH01
_h0245
590 _aBATCH-UPD
_b10
_c20130410
_lUCH01
_h1645
590 _aBATCH-UPD
_b10
_c20130914
_lUCH01
_h1358
590 _aCONVERSION
_b10
_c20130109
_lUCH01
_h1340
650 1 4 _aFertilizantes.
_940447
830 0 _aAedos. Biblioteca agricola
_91009
901 _aBK
942 _cLIBRO
949 _a631.8 G3 1969
_bBC
_cLIBRO
_d-37850
_eLIBRO
_h49858
_i83332
_si
949 _a631.8 G3 1969
_bBC
_cLIBRO
_d-37852
_eLIBRO
_fc.3
_h49860
_i83332
_si
949 _a631.8 G3 1969
_bBC
_cLIBRO
_d33724000420725
_eLIBRO
_fc.2
_h49859
_i83332
_si
999 _c72802
_d72802